|
|
|
|
| LEADER |
00000nam a2200000 a 4500 |
| 001 |
UCS0211 |
| 003 |
CL-VaPUC |
| 008 |
970418e19130000PL |||||||||||||||||ger|d |
| 082 |
0 |
4 |
|a 345.077
|b GER
|2 21
|
| 100 |
0 |
|
|a Gerber, Hans
|e author
|9 383418
|
| 245 |
1 |
4 |
|a Das Verbot der reformatio in peius im Reichsstrafprozess
|
| 300 |
|
|
|a 67 p
|
| 942 |
|
|
|c BK
|
| 945 |
|
|
|d 19970418 00:00:00
|a paguirre
|
| 260 |
|
|
|a Breslau
|b Schletter
|c 1913
|
| 650 |
|
7 |
|a DERECHO PENAL
|2 CL-VaPUC
|9 11
|
| 650 |
|
0 |
|a Penas
|9 255927
|
| 650 |
|
0 |
|a Sentencias
|9 256250
|
| 650 |
|
0 |
|a Procedimiento penal
|9 254974
|
| 583 |
|
|
|a last modification
|c 20130318 06:53:31
|k Rodrigo Vera
|
| 999 |
|
|
|c 258452
|d 258450
|
| 952 |
|
|
|0 0
|1 0
|2 ddc
|4 0
|6 345_077000000000000_GER_1913
|7 0
|8 A
|9 282556
|a BIBDER
|b BIBDER
|d 2019-11-19
|i 1831925
|o 345.077 GER 1913
|p 1831925
|r 2023-01-25
|w 2019-11-19
|y MX
|k DER
|